00834nam a2200265Ia 4500001000900000003000500009005001700014008004100031010001100072020001800083040000900101082001900110100002000129245014000149260005200289300001000341400003300351440002400384500005400408503000800462650001700470650002300487700002800510700003000538dia_3056CHAP20230314115720.0220117s1977 xx 000 0 und d a173562 a968-15-1502-6 cCHAP a332.4 B54 1977 aBiernan, Harold aEl presupuesto de bienes de capital : la toma de decisiones /c Harnold Biernam Jr. y Seymour Smidt ; traducción Eduardo L. Suárez aMexico :b Fondo de Cultura Económica,c1977 a462 p aSECCION DE OBRAS DE ECONOMIA aObras de economía aTítulo original: The capital budgeting decision aC/e aEconomía  aToma de decisiones aSmidt, Seymour, coaut.  aSuárez, Eduardo L., tr.